000 00840pam a2200229 a 4500
001 1021460
005 20250819122322.0
008 880822s1989 mnu b 001 0 eng
020 _a0314481508
020 _a9780314481504
050 0 0 _aBD21
_b.W46 1989
082 0 0 _a100
_219
100 1 _aWhite, James E.
245 1 0 _aIntroduction to philosophy /
_cJames E. White.
260 _aSt. Paul :
_bWest Pub. Co.,
_cc1989.
300 _axii, 359 p. ;
_c26 cm.
650 0 _aPhilosophy
_vIntroductions.
856 4 2 _3Publisher description
_uhttp://www.loc.gov/catdir/enhancements/fy1302/88028265-d.html
856 4 1 _3Table of contents only
_uhttp://www.loc.gov/catdir/enhancements/fy1302/88028265-t.html
856 4 2 _3Contributor biographical information
_uhttp://www.loc.gov/catdir/enhancements/fy1302/88028265-b.html
942 _2lcc
_cBK
_n0
999 _c7294
_d7294